|
|
|
|
| LEADER |
01256nab#a2200409#ar4500 |
| 001 |
000059621 |
| 003 |
SVKKK |
| 005 |
20060526151410.0 |
| 008 |
c2006 xo e slo |
| FMT |
|
|
|
| 015 |
|
|
|a SNBRB2006/05-ccccc
|
| 038 |
|
|
|a SVKKK
|
| 040 |
|
|
|a SVKKK
|b slo
|e AACR2
|
| 041 |
0 |
|
|a slo
|b eng
|
| 044 |
|
|
|a xo
|c SK
|
| 080 |
|
|
|a 504.54
|2 1997
|
| 080 |
|
|
|a 537.621.4
|2 1997
|
| 080 |
|
|
|a 550.42(234.372.3)
|2 1997
|
| 080 |
|
|
|a 614.76
|2 1997
|
| 100 |
1 |
|
|a Ďurža, Ondrej
|4 aut
|
| 245 |
1 |
0 |
|a Olovo a magnetická susceptibilita v aluviálnych pôdach potoka Štiavnica
|c Ondrej Ďurža, Pavel Dlapa, Michal Ďuriš
|
| 300 |
|
|
|b Obr., tab.
|
| 504 |
|
|
|a Bibliogr. odkazy
|
| 504 |
|
|
|a Res. angl.
|
| 650 |
0 |
4 |
|a olovo
|x kontaminácia pôdy
|x susceptibilita magnetická
|x merania
|z Štiavnica (Slovensko : potok)
|
| 650 |
0 |
4 |
|a pôdy aluviálne
|x koncentrácia ťažkých kovov
|x magnetometria pôdna
|
| 651 |
|
4 |
|a Štiavnica (Slovensko : potok)
|x koncentrácia ťažkých kovov
|
| 700 |
1 |
|
|a Dlapa, Pavel
|4 aut
|
| 700 |
1 |
|
|a Ďuriš, Michal
|4 aut
|
| 773 |
0 |
|
|t Mineralia slovaca
|x 0369-2086
|g Roč. 38, č. 1 (2006), s. 43-48
|
| 958 |
|
|
|a NB
|
| 958 |
|
|
|a SK
|
| 992 |
|
|
|a RBX
|
| BAS |
|
|
|
| 852 |
|
|
|a SVKKK
|b BIB
|
| EXP |
|
|
|
| 998 |
|
|
|a GEO
|